000 01478nam0a22002771 4500
001 v19\rc\1964836
005 20260406004122.0
035 _a(NLR Aleph) 005269153
090 _a5980782
_c5980782
100 _a20080428e19141914|||y0rusy50 ca
101 0 _arus
102 _aRU
105 _ay z |||||
200 1 _aИспытание дифтерийной сыворотки и государственный контроль над нею
_fПрив.-доц. С.С. Абрамов
210 _aМосква
_cтип. "Мысль", 2-е отд-ние
_d1914
215 _a[2], 32 с.
_d26
311 _aОтт. из "Сборника монографий по дифтерии", под ред. Ф.М. Блюменталя и М.М. Грана
488 0 _12001#$aСборник монографий по дифтерии$fПод ред. Ф.М. Блюменталя и М.М. Грана
_1702#1$aБлюменталь$bФ.М.$f1859-$gФилипп Маркович$4340
_1702#1$aГран$bМ.М.$f1867-1940$gМоисей Маркович$4340
_tСборник монографий по дифтерии
700 1 _8rus
_7ca
_aАбрамов
_bС. С.
_cд-р медицины
_f1876-1951
_gСергей Семенович
_3RU\NLR\AUTH\77113641
_996566
801 0 _aRU
_bNLR
_c20080428
_gpsbo
801 0 _aRU
_bRuMoRGB
_c20080428
_2psbo
801 1 _aRU
_bProSoft-M
_c20080428
_2rusmarc
801 2 _aRU
_bNLR
_c20120806
_2rusmarc
852 _aNLR
_j37.54.3.520
942 _cBOOK
980 _aNB